000 00684nam a22001937a 4500
999 _c63967
_d63967
003 Ge_BSU
005 20260227124947.0
008 260227s1998 enk||||| |||| 00| 0 eng d
020 _a9780691074566x
041 _aeng
080 _a005.93 : 338.2(520) T-89
100 _aTsutsui, William M.
_927016
245 _aManufacturing ideology :
_b scientific management in twentieth-century Japan /
_cWilliam M. Tsutsui.
264 _aPrinceton :
_bPrinceton Univ. press,
_c1998.
300 _a279 p. ;
_b23 cm.
504 _aBibliogr.: p. 245-271
653 _aმრეწველობის მენეჯმენტი იაპონიაში
942 _2udc
_cᲬᲘᲒᲜᲘ